|
|
|
|
| LEADER |
02030nam a2200541 4500 |
| 001 |
ocn918892719 |
| 003 |
OCoLC |
| 005 |
20170325012712.6 |
| 006 |
m o d |
| 007 |
cr cnu|||unuuu |
| 008 |
150818s2016 enk o 001 0 eng d |
| 040 |
|
|
|a N$T
|b eng
|e rda
|e pn
|c N$T
|d N$T
|d YDXCP
|d IDEBK
|d DEBSZ
|d OCLCF
|d CDX
|d COO
|d OCLCQ
|d DG1
|d MERUC
|d GrThAP
|
| 019 |
|
|
|a 918994362
|a 919340934
|
| 020 |
|
|
|a 9781119009597
|q (electronic bk.)
|
| 020 |
|
|
|a 1119009596
|q (electronic bk.)
|
| 020 |
|
|
|a 9781119052753
|q electronic bk.
|
| 020 |
|
|
|a 1119052750
|q electronic bk.
|
| 020 |
|
|
|z 9781119009542
|q (cloth)
|
| 020 |
|
|
|z 9781119052760
|
| 020 |
|
|
|z 1119052769
|
| 035 |
|
|
|a (OCoLC)918892719
|z (OCoLC)918994362
|z (OCoLC)919340934
|
| 050 |
|
4 |
|a TK7872.C8
|
| 072 |
|
7 |
|a TEC
|x 009070
|2 bisacsh
|
| 082 |
0 |
4 |
|a 621.381/044
|2 23
|
| 049 |
|
|
|a MAIN
|
| 100 |
1 |
|
|a Kazimierczuk, Marian K.,
|e author.
|
| 245 |
1 |
0 |
|a Laboratory manual for pulse-width modulated DC-DC power converters /
|c Marian K. Kazimierczuk and Agasthya Ayachit.
|
| 250 |
|
|
|a Second edition.
|
| 264 |
|
1 |
|a Chichester, West Sussex, United Kingdom :
|b Wiley,
|c [2016]
|
| 300 |
|
|
|a 1 online resource.
|
| 336 |
|
|
|a text
|b txt
|2 rdacontent
|
| 337 |
|
|
|a computer
|b c
|2 rdamedia
|
| 338 |
|
|
|a online resource
|b cr
|2 rdacarrier
|
| 588 |
0 |
|
|a Vendor-supplied metadata.
|
| 500 |
|
|
|a Includes index.
|
| 650 |
|
0 |
|a DC-to-DC converters
|v Laboratory manuals.
|
| 650 |
|
0 |
|a Pulse circuits
|v Laboratory manuals.
|
| 650 |
|
0 |
|a PWM power converters
|v Laboratory manuals.
|
| 650 |
|
7 |
|a TECHNOLOGY & ENGINEERING / Mechanical
|2 bisacsh
|
| 650 |
|
7 |
|a DC-to-DC converters.
|2 fast
|0 (OCoLC)fst00886503
|
| 650 |
|
7 |
|a Pulse circuits.
|2 fast
|0 (OCoLC)fst01083928
|
| 650 |
|
7 |
|a PWM power converters.
|2 fast
|0 (OCoLC)fst01910092
|
| 655 |
|
4 |
|a Electronic books.
|
| 655 |
|
7 |
|a Laboratory manuals.
|2 fast
|0 (OCoLC)fst01920776
|
| 655 |
|
0 |
|a Electronic books.
|
| 700 |
1 |
|
|a Ayachit, Agasthya,
|e author.
|
| 856 |
4 |
0 |
|u https://doi.org/10.1002/9781119009597
|z Full Text via HEAL-Link
|
| 994 |
|
|
|a 92
|b DG1
|